Statistics for Countries That Recognize Abkhazia

Click here to take the quiz!

General Stats

  • This quiz has been taken 21 times
    (14 since last reset)
  • The average score is 5 of 6

Answer Stats

DateAnswer% Correct
26 August 2008Russia
100%
5 September 2008Nicaragua
88%
29 May 2018Syria
88%
10 September 2009Venezuela
75%
15 December 2009Nauru
63%
23 May 2011Vanuatu
50%

Score Distribution

Percentile by Number Answered

Percent of People with Each Score

Your Score History

You have not taken this quiz since the last reset